000 00262 a2200109 4500
001 50658
040 _cAnchieta - Pituba
240 1 0 _aDeutschvergnügen
_l
245 1 0 _aDeutschvergnügen
650 4 _aLínguas germânicas (teutônicas) língua alemã
942 _cMU
999 _c50658
_d50658